000 00488nam a2200205Ia 4500
005 20250425161339.0
008 250425s9999 xx 000 0 und d
020 _a0824715284
041 _aeng
082 _a670.42
100 _aALTING, LEO
245 0 _aMANUFACTURING ENGINEERING PROCESSES
250 _aS.E.
260 _aEstados Unidos
_bMARCEL DEKKER
_c1982
260 _aNEW YORK
300 _a368
650 _aPROCESOS DE MANUFACTURA
942 _c01
010 _a18270
999 _c207415
_d207415